| 000 | 00480nam a22001697a 4500 | ||
|---|---|---|---|
| 003 | CEME | ||
| 005 | 20210628204045.0 | ||
| 008 | 210105b xxu||||| |||| 00| 0 eng d | ||
| 040 | _c. | ||
| 082 | _a297 PHO | ||
| 100 |
_aGhouri, Muhammad Awais _968493 |
||
| 245 | _aPhool jasay bachoo kay payary payara naam | ||
| 260 |
_aRAWALPINDI _bRUMEEL HOUSE OF PUB _c2013 |
||
| 300 | _a224P | ||
| 650 |
_aISLAMIC NAMES.PHOOL JASAY BACHOO KAY PAYARY PAYARA NAAM _968494 |
||
| 942 |
_cBK _2ddc |
||
| 999 |
_c576058 _d576058 |
||